| 000 | 00915nam a22002537a 4500 | ||
|---|---|---|---|
| 005 | 20240530110527.0 | ||
| 008 | 160307s2011 ua g b 000 0 ara d | ||
| 017 |
_a2011/9936 _bمصر . دار الكتب المصرية |
||
| 020 | _a9789773222866 | ||
| 040 | _aEG-CaGPL | ||
| 082 | 0 | 4 |
_221 _a147\ _bع ش |
| 100 | 0 | _aعزت عامر | |
| 245 | 1 | 0 |
_aشاهد و مشهود : _bاراء فى الفكر و الفلسفة / _cعزت عامر |
| 250 | _aط1 | ||
| 260 |
_aالقاهرة : _bعين للدراسات و البحوث الانسانية و الاجتماعية ، _c2011 . |
||
| 300 |
_a142 ص ؛ _c24 سم . |
||
| 504 | _aيشتمل على ارجاعات ببليوجرافية | ||
| 650 | 0 | 4 | _aالفلسفة |
| 650 | 0 | 4 | _aالشاهد و المشهود |
| 650 | 0 | 4 | _aالظن |
| 650 | 0 | 4 | _aالفلسفة الحديثة |
| 942 |
_2ddc _cBK |
||
| 999 |
_c62012 _d62012 |
||